000 00357nam a2200133Ia 4500
008 220530s9999 xx 000 0 und d
020 _a9788171795242
040 _aeng
100 _aRAJARATHAM
_959949
245 _aJUNIOR STUDENT NURSES CLINICAL
250 _aFIRST
260 _aNAGPUR
_bJAYPEE PUBLICATION,NAGPUR
_c2004
650 _aNURSING FOUNDATION
_959950
999 _c1891
_d1891